Sports Quiz

Random Sports or Basketball Quiz

NBA Rookie Stat Leaders (2000s) Quiz Stats

 Plays Quiz Updated Sep 10, 2015

Challenge
Share
Tweet
Embed
Score 0/50 Timer 05:00
7 Plays Today
Hint Answer % Correct
PointsLeBron James
99.1%
AssistsLeBron James
99.1%
StealsLeBron James
99.1%
PointsCarmelo Anthony
94.6%
PointsKevin Durant
93.8%
PointsDerrick Rose
93.5%
AssistsDerrick Rose
93.5%
PointsChris Paul
88.6%
AssistsChris Paul
88.6%
StealsChris Paul
88.6%
ReboundsDwight Howard
88.4%
BlocksDwight Howard
88.4%
PointsPau Gasol
87.5%
ReboundsPau Gasol
87.5%
BlocksPau Gasol
87.5%
BlocksEddie Griffin
75.4%
AssistsRussell Westbrook
67.5%
ReboundsYao Ming
64.6%
BlocksYao Ming
64.6%
PointsElton Brand
53.9%
ReboundsElton Brand
53.9%
BlocksElton Brand
53.9%
ReboundsAl Horford
53.3%
ReboundsKevin Love
49%
ReboundsAmar'e Stoudemire
47.8%
Hint Answer % Correct
BlocksJosh Smith
40.8%
StealsRajon Rondo
40.4%
ReboundsEmeka Okafor
39.3%
BlocksEmeka Okafor
39.3%
ReboundsCarlos Boozer
39.1%
ReboundsBrook Lopez
39%
BlocksBrook Lopez
39%
PointsSteve Francis
37.7%
AssistsSteve Francis
37.7%
AssistsMario Chalmers
35.8%
StealsMario Chalmers
35.8%
AssistsAndre Miller
35.1%
AssistsKirk Hinrich
34.3%
StealsCaron Butler
31.7%
BlocksAndrei Kirilenko
26.9%
PointsO.J. Mayo
26.5%
StealsAndre Iguodala
26.3%
AssistsJamaal Tinsley
25%
StealsJamaal Tinsley
25%
PointsLamar Odom
17.4%
AssistsRaymond Felton
16.9%
StealsMetta World Peace
10.3%
StealsShane Battier
10.1%
StealsNene Hilario
7.5%
BlocksDarius Miles
7.3%

You're not logged in!

Compare scores with friends on all Sporcle quizzes.
OR
Log In

You Might Also Like...

Show Comments

Extras

Top Quizzes Today


Score Distribution

Your Account Isn't Verified!

In order to create a playlist on Sporcle, you need to verify the email address you used during registration. Go to your Sporcle Settings to finish the process.

Report this User

Report this user for behavior that violates our Community Guidelines.

Details: